Visualizzazione normale
Vista MARC
- Ferrero, Mauro
di Personal Name
Records bibliografici associati: 1
001 - CONTROL NUMBER
- control field: 173
003 - CONTROL NUMBER IDENTIFIER
- control field: IT-RoPau
005 - DATE AND TIME OF LATEST TRANSACTION
- control field: 20130116104209.0
008 - FIXED-LENGTH DATA ELEMENTS
- fixed length control field: 130116|| aca||aabn | a|a d
040 ## - CATALOGING SOURCE
- Original cataloging agency: IT-RoPau
- Transcribing agency: IT-RoPau
100 ## - HEADING--PERSONAL NAME
- Personal name: Ferrero, Mauro
- Titles and other words associated with a name: ssp
670 ## - SOURCE DATA FOUND
- Source citation: Work cat.: (IT-RoPau): Ferrero, Mauro ssp, Non temete Io sono con voi, 1993